| 000 | 00789nam a2200265 a 4500 | ||
|---|---|---|---|
| 001 | 45450 | ||
| 003 | BD-RjUL | ||
| 005 | 20211209054020.0 | ||
| 008 | 160726s1949 nyua 001 0 eng | ||
| 035 | _a(BD-RjUL)45568 | ||
| 040 |
_aDLC _cCSU _dSER _dBD-RjUL _beng |
||
| 041 | _aeng | ||
| 082 |
_a339.3 _bRUI 1949 |
||
| 100 | 1 |
_aRuggles, Richard, _d1916-2001 _9139151 |
|
| 245 | 0 | 3 |
_aAn introduction to national income and income analysis / _c Richard Ruggles |
| 250 | _a1st ed. | ||
| 260 |
_aNew York : _bMcGraw-Hill Book Co., _c1949. |
||
| 300 |
_aviii, 349 p. : _bill. ; _c24 cm. |
||
| 500 | _aIncludes index | ||
| 650 | 0 |
_aIncome. _9139152 |
|
| 650 | 0 |
_aIncome _zUnited States. _9131312 |
|
| 740 | 0 | 1 | _aNational income and income analysis. |
| 942 |
_2ddc _cBK |
||
| 999 |
_c45450 _d45450 |
||